000 01452nam a2200253Ia 4500
999 _c55613
_d55613
001 22708
003 GE_BSU
005 20230425102913.0
008 181216s2015||||ge |||||||||||||| ||geo||
020 _aISSN 1987-9288
040 _cGE_BSU
041 _ageo
080 _a81(058)+82+39+94(058) წ-35
245 _aწელიწდეული VII :
_bეძღვნება აკაკი წერეთლის დაბადებიდან 175 წლისთავს : Deducated to the 175 Anniversary from the Birth of AKAKI Tsereteli /
_cმთ. რედ. ტ. ფუტკარაძე ; მთარგმნ. ნ.უგულავა.
264 _aქუთაისი :
_bქუთაისის ილია ჭავჭავაძის სახელობის საჯარო ბიბლიოთეკა,
_c2015.
300 _a239 გვ. ;
_c24 სმ.
541 _h5ლ.
653 _aეძღვნება აკაკი წერეთლის დაბადებიდან 175 წლისთავს
653 _aსაერთაშორისო კონფერენციაზე წაკითხული მოხსენებები
653 _aწელიწდეული
700 _aფუტკარაძე, ტ.
_eრედაქტორი
_97500
700 _aუგულავა, ნ.
_eმთარგმნელი
_97501
942 _cBK
_2udc